Hind Ahad Aurangzeb Main Baab 2 to 9 Aur Masla Itehad Par Ek Nazar (Record no. 9181)

MARC details
000 -LEADER
fixed length control field 00643nam a2200241 a 4500
020 ## - INTERNATIONAL STANDARD BOOK NUMBER
ISBN
082 00 - DEWEY DECIMAL CLASSIFICATION NUMBER
Classification number 954.0258
Author Cutter BAI
100 ## - MAIN ENTRY--AUTHOR NAME
Author name Baig, Samiullah
245 ## - TITLE STATEMENT
Title Hind Ahad Aurangzeb Main Baab 2 to 9 Aur Masla Itehad Par Ek Nazar
260 ## - PUBLICATION, DISTRIBUTION, ETC. (IMPRINT)
Place of publication Hyderabad
Name of publisher Taj Press
Year of publication 1924
300 ## - PHYSICAL DESCRIPTION
Number of Pages 162p
500 ## - GENERAL NOTE
General note includes index and biblioraphy
505 2# - FORMATTED CONTENTS NOTE
Formatted contents note Foot notes by Maulana Maulvi Ilahi Bakhsh.
650 ## - SUBJECT ADDED ENTRY--TOPICAL TERM
Topical Term Mughal India
942 ## - ADDED ENTRY ELEMENTS (KOHA)
Koha item type Books
700 1# -
-- Baig, Samiullah
Holdings
Collection code Home library Current library Date acquired Cost, normal purchase price Full call number Accession Number Koha item type
  Henry Martyn Institute Library Henry Martyn Institute Library 04/04/2007 100.00 954.0258 BAI 011819 Books
                   Copyright © 2026 | Henry Martyn Institute | Hyderabad | TS-500052 | INDIA | Implemented by hmi.edu.in
Hit-Count:

Powered by Koha